000 00392nam a2200169Ia 4500
001 5520
003 IN-NITTTR
005 20251114233010.0
008 251113s9999||||xx |||||||||||||| ||eng||
040 _beng
040 _cIN-NITTTR
041 _aeng
082 _a694 M454W
100 _aMaynard, J.
245 0 _aWoodwork :
_b techniques and constructions /
_cMaynard, J.
942 _2ddc
_cBK
999 _c8156
_d8156